Catálogo

BLOOM FAWCETT TRATADO DE HISTOLOGIA (Registro nro. 38042)

Detalles MARC
000 -LEADER
fixed length control field 00495nam a2200193 a 4500
001 - CONTROL NUMBER
control field 38042
005 - DATE AND TIME OF LATEST TRANSACTION
control field 20180714011205.0
008 - FIXED-LENGTH DATA ELEMENTS--GENERAL INFORMATION
fixed length control field 140415s1995 sp 000 0 spa d
020 ## - INTERNATIONAL STANDARD BOOK NUMBER
International Standard Book Number 9682524504
041 ## - LANGUAGE CODE
Language code of text/sound track or separate title spa
082 ## - DEWEY DECIMAL CLASSIFICATION NUMBER
Classification number 611.0181
Item number FAW
100 1# - MAIN ENTRY--PERSONAL NAME
Personal name FAWCETT, DON W.
245 10 - TITLE STATEMENT
Title BLOOM FAWCETT TRATADO DE HISTOLOGIA
250 ## - EDITION STATEMENT
Edition statement 2a ed.
260 ## - PUBLICATION, DISTRIBUTION, ETC.
Place of publication, distribution, etc. ESPAÑA :
Name of publisher, distributor, etc. INTERAMERICANA,
Date of publication, distribution, etc. 1995
300 ## - PHYSICAL DESCRIPTION
Extent 1044
650 14 - SUBJECT ADDED ENTRY--TOPICAL TERM
Topical term or geographic name entry element HISTOLOGIA
700 1# - ADDED ENTRY--PERSONAL NAME
Personal name MADERO, SANTIAGO
Relator term tr.
Existencias
Withdrawn status Lost status Source of classification or shelving scheme Damaged status Not for loan Collection code Home library Current library Shelving location Date acquired Source of acquisition Inventory number Total Checkouts Total Renewals Full call number Barcode Date last seen Date last checked out Price effective from Koha item type
    Dewey Decimal Classification     General Biblioteca Karol Wojtyla Biblioteca Karol Wojtyla Sala general 03/12/2013 Compra 151000000000000000005124 8 1 611.0181 FAW 57195 05/01/2026 10/05/2024 22/05/2014 Libro
    Dewey Decimal Classification     General Biblioteca Karol Wojtyla Biblioteca Karol Wojtyla Sala general 03/12/2013 Compra 151000000000000000005129 3 1 611.0181 FAW 69300 05/01/2026 05/12/2019 03/12/2013 Libro
    Dewey Decimal Classification     General Biblioteca Karol Wojtyla Biblioteca Karol Wojtyla Sala general 03/12/2013 Compra 151000000000000000005125 1   611.0181 FAW 57196 05/01/2026 26/02/2024 03/12/2013 Libro
  No inventariado Dewey Decimal Classification       Biblioteca Karol Wojtyla Biblioteca Karol Wojtyla   03/12/2013 Compra       611.0181 FAW 57197     03/12/2013 Libro
    Dewey Decimal Classification     General Biblioteca Karol Wojtyla Biblioteca Karol Wojtyla Sala general 03/12/2013 Compra 151000000000000000005126 1   611.0181 FAW 57199 05/01/2026 01/10/2019 03/12/2013 Libro